[Event "Leipzig VfB op 23rd"]
[Site "Leipzig"]
[Date "2016.03.20"]
[Round "9"]
[White "Becker, Wilma"]
[Black "Ortlepp, Konstanze"]
[Result "1-0"]
[WhiteElo "1460"]
[BlackElo "1603"]
[PlyCount "51"]
[EventDate "2016.03.15"]
[EventType "swiss"]
[EventRounds "9"]
[EventCountry "GER"]
[SourceTitle "EXT 2017"]
[Source "ChessBase"]
[SourceDate "2016.10.25"]
[SourceVersion "1"]
[SourceVersionDate "2016.10.25"]
[SourceQuality "1"]

1. c4 e5 2. Nc3 Nf6 3. Nf3 d6 4. e3 Be7 5. Be2 0-0 6. d4 exd4 7. Nxd4 Nc6 8. 0-0 Nxd4 9. Qxd4 Re8 10. b3 c6 11. e4 d5 12. cxd5 Nxe4 13. Nxe4 cxd5 14. Bb2 Bf8 15. Ng3 Qg5 16. Bf3 Be6 17. Nh5 f6 18. Rfd1 Kh8 19. Nf4 Bf7 20. Rac1 Re5 21. Rc7 Rae8 22. g3 Bg6 23. Nxg6+ Qxg6 24. Qd3 Re1+ 25. Kg2 Rg1+ 26. Kxg1 1-0

[Event "Leipzig VfB op 23rd"]
[Site "Leipzig"]
[Date "2016.03.19"]
[Round "8"]
[White "Becker, Wilma"]
[Black "Vorreiter, Heiko"]
[Result "1/2-1/2"]
[WhiteElo "1460"]
[BlackElo "1759"]
[PlyCount "88"]
[EventDate "2016.03.15"]
[EventType "swiss"]
[EventRounds "9"]
[EventCountry "GER"]
[SourceTitle "EXT 2017"]
[Source "ChessBase"]
[SourceDate "2016.10.25"]
[SourceVersion "1"]
[SourceVersionDate "2016.10.25"]
[SourceQuality "1"]

1. c4 Nf6 2. Nc3 e5 3. Nf3 Nc6 4. d4 exd4 5. Nxd4 Nxd4 6. Qxd4 Be7 7. e4 d6 8. Be2 0-0 9. 0-0 Bd7 10. Bf4 Bc6 11. Rad1 Nd7 12. Qe3 Qe8 13. Qg3 Bf6 14. Rfe1 Nc5 15. f3 Ne6 16. Bd2 Qe7 17. Qf2 Rfe8 18. Nd5 Bxd5 19. cxd5 Nd4 20. Bd3 c5 21. dxc6 bxc6 22. Be3 c5 23. b4 Rab8 24. Rb1 Rb7 25. Kf1 Reb8 26. a3 h6 27. Bc4 Rc7 28. bxc5 Rxb1 29. Rxb1 dxc5 30. Qa2 Rb7 31. Rd1 Qc7 32. g3 Nxf3 33. Qf2 Ne5 34. Bd5 Rb8 35. Bxc5 Qa5 36. Bxa7 Qb5+ 37. Kg2 Rc8 38. Bd4 Ng4 39. Qd2 Bg5 40. Qa2 Rc7 41. Kf3 Nf6 42. h4 Nxd5 43. exd5 Be7 44. Be5 Ra7 1/2-1/2

[Event "Leipzig VfB op 23rd"]
[Site "Leipzig"]
[Date "2016.03.15"]
[Round "1"]
[White "Bronn, Gottfried"]
[Black "Becker, Wilma"]
[Result "1-0"]
[WhiteElo "1904"]
[BlackElo "1460"]
[PlyCount "65"]
[EventDate "2016.03.15"]
[EventType "swiss"]
[EventRounds "9"]
[EventCountry "GER"]
[SourceTitle "EXT 2017"]
[Source "ChessBase"]
[SourceDate "2016.10.25"]
[SourceVersion "1"]
[SourceVersionDate "2016.10.25"]
[SourceQuality "1"]

1. d4 d5 2. Nf3 Nf6 3. c4 dxc4 4. Qa4+ Bd7 5. Qxc4 e6 6. g3 Be7 7. Bg2 Qc8 8. 0-0 0-0 9. Bf4 c5 10. Rc1 b6 11. Nbd2 Bc6 12. dxc5 Bxc5 13. b4 Be7 14. b5 Bb7 15. Qxc8 Bxc8 16. Ne5 Nd5 17. a4 Nd7 18. Ne4 Bf6 19. Nxf6+ N7xf6 20. Nd3 Bb7 21. Bg5 Nd7 22. Rc2 Rac8 23. Rac1 h6 24. Bd2 N7f6 25. Ne5 Rxc2 26. Rxc2 Rc8 27. Rxc8+ Bxc8 28. Nc6 Kf8 29. Nxa7 Bd7 30. Nc6 Ke8 31. Ne5 Nc7 32. e4 Nxb5 33. Nxd7 1-0

[Event "GER-chT U20 Girls"]
[Site "Stuttgart"]
[Date "2007.12.28"]
[Round "3.4"]
[White "Becker, Wilma"]
[Black "Steinmetz, Charlotte"]
[Result "1-0"]
[WhiteElo "1492"]
[BlackElo "1188"]
[PlyCount "49"]
[EventDate "2007.12.27"]
[EventType "team-swiss"]
[EventRounds "7"]
[EventCountry "GER"]
[SourceTitle "EXT 2009"]
[Source "ChessBase"]
[SourceDate "2008.11.26"]
[SourceVersion "1"]
[SourceVersionDate "2008.11.26"]
[SourceQuality "1"]
[WhiteTeam "Leipzig Gohlis U20 Girls"]
[BlackTeam "Leipzig Turm U20 Girls"]
[WhiteTeamCountry "GER"]
[BlackTeamCountry "GER"]

1. e4 c5 2. Nc3 Nc6 3. Nge2 g6 4. d4 cxd4 5. Nxd4 Bg7 6. Be3 Nf6 7. Bc4 0-0 8. f3 e6 9. Qd2 Re8 10. 0-0-0 Nb4 11. Bb3 Qa5 12. h4 Rd8 13. g4 d6 14. Bg5 Rd7 15. Kb1 d5 16. e5 Ne8 17. Bf4 f6 18. Nxe6 d4 19. Nc5+ Kh8 20. Nxd7 fxe5 21. Bxe5 Bxe5 22. Nxe5 Qxe5 23. Qxd4 Nc6 24. Qxe5+ Nxe5 25. Rd8 1-0

[Event "Leipzig VfB op 11th"]
[Site "Leipzig"]
[Date "2004.03.21"]
[Round "9"]
[White "Becker, Wilma"]
[Black "Rudolph, Juergen"]
[Result "0-1"]
[WhiteElo "1461"]
[BlackElo "1664"]
[PlyCount "110"]
[EventDate "2004.03.16"]
[EventType "swiss"]
[EventRounds "9"]
[EventCountry "GER"]
[SourceTitle "EXT 2007"]
[Source "ChessBase"]
[SourceDate "2006.11.23"]
[SourceVersion "1"]
[SourceVersionDate "2006.11.23"]
[SourceQuality "1"]

1. e4 e6 2. d4 b6 3. Be3 Bb7 4. Nd2 Nf6 5. Bd3 Nc6 6. c3 d6 7. h3 Be7 8. Ngf3 0-0 9. 0-0 h6 10. Rc1 Nh7 11. Rb1 Ng5 12. Qc2 e5 13. dxe5 Nxe5 14. Nxg5 hxg5 15. f4 gxf4 16. Bxf4 Bg5 17. Rf2 Bxf4 18. Rxf4 Qg5 19. Rbf1 Rae8 20. Qc1 Re6 21. Nf3 Nxf3+ 22. R1xf3 Bxe4 23. Bxe4 Rxe4 24. Qf1 Rxf4 25. Rxf4 Qe7 26. Qd3 Re8 27. Qf5 g6 28. Qd5 Qe3+ 29. Rf2 Re6 30. Qd2 Qe1+ 31. Qxe1 Rxe1+ 32. Kh2 Kf8 33. Kg3 Ke7 34. Rd2 Re4 35. Kf2 Ke6 36. Rd3 a5 37. b3 d5 38. a3 c5 39. Rd2 b5 40. g4 b4 41. axb4 axb4 42. Rd3 bxc3 43. Rxc3 Kd6 44. Rf3 Re7 45. Rd3 Kc6 46. Kf3 d4 47. Kf4 Kb5 48. h4 f6 49. Kf3 Re5 50. Kf4 c4 51. Rxd4 cxb3 52. Rd8 Kc4 53. Rb8 Rb5 54. Rc8+ Kd3 55. Rc1 b2 0-1

[Event "Leipzig VfB op 11th"]
[Site "Leipzig"]
[Date "2004.03.20"]
[Round "7"]
[White "Stolze, Dirk"]
[Black "Becker, Wilma"]
[Result "0-1"]
[WhiteElo "1286"]
[BlackElo "1461"]
[PlyCount "82"]
[EventDate "2004.03.16"]
[EventType "swiss"]
[EventRounds "9"]
[EventCountry "GER"]
[SourceTitle "EXT 2007"]
[Source "ChessBase"]
[SourceDate "2006.11.23"]
[SourceVersion "1"]
[SourceVersionDate "2006.11.23"]
[SourceQuality "1"]

1. d4 d5 2. Nf3 e6 3. Bg5 Be7 4. Bxe7 Nxe7 5. e3 0-0 6. Bd3 Nd7 7. Ng5 Nf6 8. Nd2 h6 9. Ngf3 b6 10. 0-0 Bb7 11. c4 Ne4 12. Ne5 Rc8 13. Rc1 Qd6 14. cxd5 exd5 15. Nxe4 dxe4 16. Bb1 c5 17. Qg4 cxd4 18. Rxc8 Nxc8 19. exd4 Qxd4 20. Nf3 Qxb2 21. Bxe4 Bxe4 22. Qxe4 Qxa2 23. Rd1 a5 24. g4 Qa3 25. Kg2 Qc5 26. h4 Ne7 27. Ne5 Qc8 28. Rd6 Re8 29. Qf4 f6 30. Nd7 Qc3 31. h5 Nc6 32. Nxb6 Ne5 33. Nd5 Qb2 34. Kg3 Qb8 35. Qa4 Kf7 36. Ra6 Nd3+ 37. f4 Nc5 38. Qxa5 Nxa6 39. Qa4 Kf8 40. Qa3+ Kf7 41. Qa4 Qd6 0-1

[Event "Leipzig VfB op 11th"]
[Site "Leipzig"]
[Date "2004.03.18"]
[Round "5"]
[White "Huba, Mark J"]
[Black "Becker, Wilma"]
[Result "1/2-1/2"]
[WhiteElo "1488"]
[BlackElo "1461"]
[PlyCount "70"]
[EventDate "2004.03.16"]
[EventType "swiss"]
[EventRounds "9"]
[EventCountry "GER"]
[SourceTitle "EXT 2007"]
[Source "ChessBase"]
[SourceDate "2006.11.23"]
[SourceVersion "1"]
[SourceVersionDate "2006.11.23"]
[SourceQuality "1"]

1. Nf3 Nf6 2. d3 d6 3. Nbd2 e5 4. g3 g6 5. Bg2 Bg7 6. 0-0 0-0 7. e4 Nbd7 8. a4 c6 9. Nc4 Qc7 10. c3 d5 11. exd5 Nxd5 12. Re1 f5 13. Ng5 Re8 14. Ne3 N7f6 15. Nxd5 cxd5 16. Qb3 Qd6 17. c4 b6 18. d4 e4 19. Bf4 dxc4 20. Qxc4+ Be6 21. Qc3 Qd7 22. Nxe6 Qxe6 23. Qd2 Qd7 24. Bf1 Qb7 25. Bc4+ Kh8 26. d5 Rad8 27. Red1 Nd7 28. Bb5 Ne5 29. Bxe8 Nf3+ 30. Kg2 Nxd2 31. Bc6 Qe7 32. Rxd2 Be5 33. Bxe5+ Qxe5 34. Rad1 Rd6 35. Bb5 Kg7 1/2-1/2

[Event "Leipzig VfB op 11th"]
[Site "Leipzig"]
[Date "2004.03.16"]
[Round "1"]
[White "Fuchs, Judith"]
[Black "Becker, Wilma"]
[Result "1-0"]
[WhiteElo "1967"]
[BlackElo "1461"]
[PlyCount "73"]
[EventDate "2004.03.16"]
[EventType "swiss"]
[EventRounds "9"]
[EventCountry "GER"]
[SourceTitle "EXT 2007"]
[Source "ChessBase"]
[SourceDate "2006.11.23"]
[SourceVersion "1"]
[SourceVersionDate "2006.11.23"]
[SourceQuality "1"]

1. e4 c6 2. d4 d5 3. exd5 cxd5 4. c4 e6 5. Nc3 Nf6 6. Nf3 Be7 7. Bf4 a6 8. Bd3 0-0 9. 0-0 dxc4 10. Bxc4 b5 11. Bd3 Bb7 12. Rc1 Nc6 13. Bb1 Nb4 14. Be5 Rc8 15. a3 Nbd5 16. Qd3 g6 17. Nxd5 Qxd5 18. Bc2 Rfd8 19. Bb3 Qe4 20. Qd2 Rxc1 21. Rxc1 Rc8 22. Rxc8+ Bxc8 23. Bc2 Qc6 24. Bd1 Ng4 25. Bf4 Bf8 26. h3 Nf6 27. Ne5 Qb6 28. Bf3 Bb7 29. Bg5 Bxf3 30. Bxf6 Bd5 31. Ng4 Qb8 32. Be5 Qc8 33. Nf6+ Kh8 34. Nxd5+ Bg7 35. Bxg7+ Kxg7 36. Nc3 Qd7 37. Qf4 1-0

[Event "GER-chT U20 Girls"]
[Site "Ditzingen"]
[Date "2003.12.29"]
[Round "5.4"]
[White "Leinenbach, Janine"]
[Black "Becker, Wilma"]
[Result "1-0"]
[WhiteElo "1388"]
[BlackElo "1511"]
[PlyCount "97"]
[EventDate "2003.12.27"]
[EventType "team-swiss"]
[EventRounds "7"]
[EventCountry "GER"]
[SourceTitle "EXT 2022"]
[Source "ChessBase"]
[SourceDate "2021.10.06"]
[SourceVersion "1"]
[SourceVersionDate "2021.10.06"]
[SourceQuality "1"]
[WhiteTeam "Wadgassen/Differten U20 Girls"]
[BlackTeam "Leipzig Gohlis U20 Girls"]
[WhiteTeamCountry "GER"]
[BlackTeamCountry "GER"]

1. e4 e5 2. Nf3 Nc6 3. Bc4 Bc5 4. Nc3 d6 5. d3 h6 6. Be3 Bb6 7. Bxb6 axb6 8. d4 Bg4 9. dxe5 Nxe5 10. Be2 Nc6 11. Nd4 Bd7 12. 0-0 Nf6 13. f3 0-0 14. a3 Ne5 15. Qd2 Bc6 16. f4 Ng6 17. Bd3 Re8 18. Rae1 Qd7 19. Nf5 d5 20. e5 Ne4 21. Bxe4 dxe4 22. Qxd7 Bxd7 23. Ng3 Bc6 24. Ngxe4 Rad8 25. g3 Ne7 26. Rd1 Nf5 27. Kf2 Rd4 28. Rfe1 Red8 29. Rxd4 Rxd4 30. g4 Ne7 31. Ke3 Rd7 32. Rd1 Rxd1 33. Nxd1 Nd5+ 34. Kf3 Kf8 35. Ne3 Ne7 36. f5 Ke8 37. h4 Kf8 38. Kf4 Nd5+ 39. Nxd5 Bxd5 40. b3 Ke7 41. c4 Bc6 42. Nc3 Bd7 43. Nd5+ Kd8 44. a4 Kc8 45. h5 Kd8 46. g5 hxg5+ 47. Kxg5 Bc8 48. f6 gxf6+ 49. exf6 1-0

[Event "Leipzig VfB op 10th"]
[Site "Leipzig"]
[Date "2003.03.14"]
[Round "6"]
[White "Becker, Wilma"]
[Black "Hofmann, Helge"]
[Result "1-0"]
[WhiteElo "1502"]
[BlackElo "1665"]
[PlyCount "51"]
[EventDate "2003.03.11"]
[EventType "swiss"]
[EventRounds "9"]
[EventCountry "GER"]
[SourceTitle "EXT 2008"]
[Source "ChessBase"]
[SourceDate "2007.11.25"]
[SourceVersion "1"]
[SourceVersionDate "2007.11.25"]
[SourceQuality "1"]

1. e4 c6 2. d4 d5 3. exd5 cxd5 4. c4 dxc4 5. Bxc4 e6 6. Nf3 Nf6 7. 0-0 Bd6 8. Nc3 Nbd7 9. Re1 0-0 10. Qd3 Nb6 11. Bb3 Nbd5 12. Bg5 Be7 13. Nxd5 Nxd5 14. Bxd5 Bxg5 15. Nxg5 Qxg5 16. Be4 f5 17. Bf3 Bd7 18. d5 Rfe8 19. dxe6 Bxe6 20. Bxb7 Rab8 21. Bd5 Kf7 22. Bxe6+ Rxe6 23. Rxe6 Kxe6 24. Re1+ Kf7 25. Qd7+ Kg6 26. Qd6+ 1-0

[Event "Leipzig VfB op 10th"]
[Site "Leipzig"]
[Date "2003.03.13"]
[Round "5"]
[White "Resnjanskij, Denis"]
[Black "Becker, Wilma"]
[Result "1-0"]
[WhiteElo "1979"]
[BlackElo "1502"]
[PlyCount "76"]
[EventDate "2003.03.11"]
[EventType "swiss"]
[EventRounds "9"]
[EventCountry "GER"]
[SourceTitle "EXT 2008"]
[Source "ChessBase"]
[SourceDate "2007.11.25"]
[SourceVersion "1"]
[SourceVersionDate "2007.11.25"]
[SourceQuality "1"]

1. e4 e5 2. Ne2 Nc6 3. Nbc3 Bc5 4. g3 Nf6 5. Bg2 d6 6. Na4 Bb6 7. Nxb6 axb6 8. 0-0 0-0 9. d4 exd4 10. Nxd4 Re8 11. Re1 Ne5 12. b3 Bd7 13. Bb2 c5 14. Nf5 Bxf5 15. exf5 Qc7 16. c4 Rad8 17. Qd2 d5 18. cxd5 Nxd5 19. Rxe5 Rxe5 20. Bxe5 Qxe5 21. Re1 Qxf5 22. Qxd5 Qxd5 23. Bxd5 Kf8 24. Bc4 Rd2 25. a4 Rd7 26. Bb5 Rd8 27. Kg2 g6 28. Re3 h5 29. Rd3 Rxd3 30. Bxd3 Ke7 31. f4 Kf6 32. Kf3 h4 33. Ke4 Ke6 34. Bc4+ Kf6 35. Bd5 Ke7 36. Bxb7 f6 37. Kd5 Kd7 38. g4 f5 1-0

[Event "Leipzig VfB op 10th"]
[Site "Leipzig"]
[Date "2003.03.11"]
[Round "1"]
[White "Gerhardt, Dirk"]
[Black "Becker, Wilma"]
[Result "1-0"]
[WhiteElo "2041"]
[BlackElo "1502"]
[PlyCount "57"]
[EventDate "2003.03.11"]
[EventType "swiss"]
[EventRounds "9"]
[EventCountry "GER"]
[SourceTitle "EXT 2008"]
[Source "ChessBase"]
[SourceDate "2007.11.25"]
[SourceVersion "1"]
[SourceVersionDate "2007.11.25"]
[SourceQuality "1"]

1. d4 d5 2. Nf3 Nf6 3. Bg5 e6 4. e3 Be7 5. Nbd2 0-0 6. c3 Nbd7 7. Bd3 c5 8. Rc1 c4 9. Bb1 b5 10. Qc2 g6 11. h4 Ng4 12. Bxe7 Qxe7 13. h5 Kg7 14. hxg6 hxg6 15. Rh4 Nh6 16. Ke2 Bb7 17. Rch1 Rh8 18. Qd1 a6 19. g4 Rag8 20. Qg1 Bc6 21. Qg3 Rc8 22. Qh3 Kf8 23. g5 Ke8 24. Rxh6 Rxh6 25. gxh6 Qf8 26. h7 Qh8 27. Bxg6 fxg6 28. Qxe6+ Kf8 29. Ng5 1-0

[Event "Leutersdorf Muench Braeu op 08th"]
[Site "Leutersdorf"]
[Date "2003.02.13"]
[Round "5"]
[White "Becker, Wilma"]
[Black "Scholbach, Jonathan"]
[Result "0-1"]
[WhiteElo "1625"]
[BlackElo "1436"]
[PlyCount "96"]
[EventDate "2003.02.12"]
[EventType "swiss"]
[EventRounds "9"]
[EventCountry "GER"]
[SourceTitle "CBM 092 Extra"]
[Source "ChessBase"]
[SourceDate "2003.03.07"]
[SourceVersion "1"]
[SourceVersionDate "2003.03.07"]
[SourceQuality "1"]

1. e4 e5 2. Bc4 Nc6 3. Nf3 Nf6 4. d3 Be7 5. 0-0 0-0 6. Nc3 d6 7. h3 Bd7 8. d4 Qc8 9. Kh2 exd4 10. Nxd4 Ne5 11. Bb3 Ng6 12. f4 Re8 13. Qd3 Bf8 14. Bd2 Re7 15. Rae1 Qe8 16. Rf2 a6 17. Rfe2 Nh5 18. Nd5 Kh8 19. Qf3 c5 20. Nxe7 Bxe7 21. Qxh5 cxd4 22. Qd5 Bb5 23. Rf2 Bh4 24. g3 Bc6 25. Qxf7 Bxg3+ 26. Kxg3 Qd8 27. Qf5 Qh4+ 28. Kf3 Qe7 29. Qe6 Qh4 30. Qg4 Qf6 31. Kg2 Rf8 32. Kh2 Ne5 33. Qg3 Ng6 34. c3 d3 35. Bc4 Ne5 36. Bxd3 Nd7 37. Bc2 Nc5 38. Ref1 Bxe4 39. Bb3 Bf5 40. Rf3 Ne4 41. Qe1 Qh6 42. Bd5 Nf6 43. Bc4 Re8 44. Re3 Ng4+ 45. Kg1 Rxe3 46. Bxe3 Qxh3 47. Qe2 Be4 48. Rf3 Bxf3 0-1

[Event "GER-chT U20 Girls"]
[Site "Meppen"]
[Date "2002.12.29"]
[Round "5.3"]
[White "Becker, Wilma"]
[Black "Schmidt, Jade"]
[Result "1-0"]
[WhiteElo "1447"]
[BlackElo "1451"]
[PlyCount "153"]
[EventDate "2002.12.27"]
[EventType "team"]
[EventRounds "7"]
[EventCountry "GER"]
[SourceTitle "CBM 092 Extra"]
[Source "ChessBase"]
[SourceDate "2003.03.07"]
[SourceVersion "1"]
[SourceVersionDate "2003.03.07"]
[SourceQuality "1"]

1. e4 e6 2. d4 d5 3. e5 c5 4. c3 Qb6 5. Nf3 Bd7 6. Be2 Bb5 7. 0-0 Bxe2 8. Qxe2 Nc6 9. Rd1 cxd4 10. cxd4 Nge7 11. Nc3 a6 12. Bf4 Nf5 13. Be3 Be7 14. Rac1 0-0 15. Qd2 Rac8 16. a3 Rc7 17. Ne2 Rfc8 18. Rc3 Na5 19. Rb1 Nc4 20. Qd3 Qa5 21. Nd2 Nxd2 22. Qxd2 Qb5 23. Rbc1 Rxc3 24. Nxc3 Qc4 25. Ne2 Qxc1+ 26. Nxc1 b6 27. h3 h6 28. Ne2 Bf8 29. Qd3 b5 30. Bd2 Rc6 31. Bc3 Rc4 32. Kh2 Be7 33. b3 Rc6 34. Bb2 Bf8 35. Kg1 Be7 36. Kf1 Bf8 37. Ke1 Nh4 38. Kf1 Be7 39. g3 Nf5 40. Kg2 Bf8 41. f4 h5 42. g4 hxg4 43. hxg4 Nh6 44. Kf3 Be7 45. Kg3 Bf8 46. Kh3 Be7 47. Ng3 Kh8 48. Nf1 Kg8 49. Ne3 Kh8 50. Qd2 Bf8 51. Qa5 Be7 52. Qe1 Ng8 53. Kg3 g6 54. Qh1+ Kg7 55. g5 Rc7 56. Kf3 Rc6 57. Ke2 Bf8 58. Kd3 Be7 59. Ng4 Bf8 60. Qa1 Be7 61. Nf6 Bf8 62. Nd7 Rc7 63. Nxf8 Kxf8 64. Qe1 Rc6 65. Qb4+ Ke8 66. a4 bxa4 67. Qxa4 Kd7 68. Ba3 a5 69. Qxa5 Rc8 70. Bc5 Ne7 71. b4 Nc6 72. Qb5 Rb8 73. Qa4 Rc8 74. b5 Nb8 75. Qa7+ Rc7 76. Qxb8 Rc8 77. Qd6+ 1-0

[Event "Leipzig VfB op 09th"]
[Site "Leipzig"]
[Date "2002.03.09"]
[Round "7"]
[White "Becker, Wilma"]
[Black "Fuchs, Maria"]
[Result "1/2-1/2"]
[WhiteElo "1264"]
[BlackElo "1383"]
[PlyCount "32"]
[EventDate "2002.03.05"]
[EventType "swiss"]
[EventRounds "9"]
[EventCountry "GER"]
[SourceTitle "EXT 2007"]
[Source "ChessBase"]
[SourceDate "2006.11.23"]
[SourceVersion "1"]
[SourceVersionDate "2006.11.23"]
[SourceQuality "1"]

1. e4 c5 2. Nc3 Nc6 3. Nge2 g6 4. d4 cxd4 5. Nxd4 Bg7 6. Be3 Nf6 7. f3 0-0 8. Qd2 d6 9. Bc4 Bd7 10. 0-0-0 Qa5 11. Kb1 Rfc8 12. Bb3 Ne5 13. Rdf1 Nc4 14. Bxc4 Rxc4 15. g4 Rac8 16. h4 h5 1/2-1/2

[Event "Leipzig VfB op 09th"]
[Site "Leipzig"]
[Date "2002.03.07"]
[Round "4"]
[White "Becker, Wilma"]
[Black "Naumann, Peter"]
[Result "0-1"]
[WhiteElo "1264"]
[BlackElo "1602"]
[PlyCount "62"]
[EventDate "2002.03.05"]
[EventType "swiss"]
[EventRounds "9"]
[EventCountry "GER"]
[SourceTitle "EXT 2007"]
[Source "ChessBase"]
[SourceDate "2006.11.23"]
[SourceVersion "1"]
[SourceVersionDate "2006.11.23"]
[SourceQuality "1"]

1. e4 e5 2. Bc4 Nf6 3. d3 Nc6 4. Nf3 Be7 5. Nc3 d6 6. h3 Na5 7. Bb3 Nxb3 8. axb3 b6 9. Be3 Bb7 10. 0-0 0-0 11. Re1 Nd7 12. Qe2 f5 13. Rad1 a5 14. Kh2 Qe8 15. Nd5 Bxd5 16. exd5 f4 17. Bc1 g5 18. Kg1 Qg6 19. Qe4 Qh5 20. Nh2 Rae8 21. Rf1 Nf6 22. Qc4 Bd8 23. Rde1 Kh8 24. d4 e4 25. Bd2 f3 26. gxf3 exf3 27. Qd3 Rxe1 28. Rxe1 g4 29. hxg4 Nxg4 30. Nxf3 Qh3 31. Ne5 Qh2+ 0-1

[Event "Leipzig VfB op 09th"]
[Site "Leipzig"]
[Date "2002.03.06"]
[Round "3"]
[White "Becker, Wilma"]
[Black "Franke, Uwe"]
[Result "1/2-1/2"]
[WhiteElo "1264"]
[BlackElo "1595"]
[PlyCount "75"]
[EventDate "2002.03.05"]
[EventType "swiss"]
[EventRounds "9"]
[EventCountry "GER"]
[SourceTitle "EXT 2007"]
[Source "ChessBase"]
[SourceDate "2006.11.23"]
[SourceVersion "1"]
[SourceVersionDate "2006.11.23"]
[SourceQuality "1"]

1. e4 e5 2. Bc4 Nf6 3. d3 d6 4. h3 Nc6 5. Nf3 h6 6. Nc3 Bd7 7. Be3 Na5 8. Bb3 Nxb3 9. axb3 a6 10. 0-0 g5 11. d4 exd4 12. Nxd4 Be7 13. Re1 Qc8 14. Qf3 c6 15. Bd2 g4 16. hxg4 Nxg4 17. Nf5 h5 18. Rad1 Rg8 19. Bc1 Rg6 20. Na4 Qc7 21. Bf4 Bf8 22. Nc5 0-0-0 23. Ne3 Qa5 24. Nxd7 Rxd7 25. Nc4 Qc5 26. Rd2 Re6 27. Red1 b5 28. Na3 Bh6 29. Bxh6 Rxh6 30. Qg3 Rf6 31. Rf1 Qb4 32. Qd3 Ne5 33. Qd4 Qxd4 34. Rxd4 Rg6 35. f3 Rd8 36. Kf2 Rdg8 37. Rg1 Kc7 38. Rd2 1/2-1/2

[Event "Leipzig VfB op 09th"]
[Site "Leipzig"]
[Date "2002.03.05"]
[Round "1"]
[White "Rudolph, Juergen"]
[Black "Becker, Wilma"]
[Result "1-0"]
[WhiteElo "1743"]
[BlackElo "1264"]
[PlyCount "113"]
[EventDate "2002.03.05"]
[EventType "swiss"]
[EventRounds "9"]
[EventCountry "GER"]
[SourceTitle "EXT 2007"]
[Source "ChessBase"]
[SourceDate "2006.11.23"]
[SourceVersion "1"]
[SourceVersionDate "2006.11.23"]
[SourceQuality "1"]

1. b3 e5 2. e3 d5 3. Bb2 Bd6 4. c4 Nf6 5. cxd5 Nxd5 6. Nc3 Nf6 7. Nf3 Bf5 8. Nb5 Nc6 9. Nxd6+ cxd6 10. Bb5 0-0 11. 0-0 a6 12. Be2 Rc8 13. d3 Re8 14. Rc1 d5 15. Qd2 d4 16. e4 Bg6 17. Nh4 Ne7 18. f4 Nc6 19. fxe5 Nxe5 20. Nxg6 hxg6 21. Qb4 b5 22. Qxd4 Qxd4+ 23. Bxd4 Rcd8 24. Bxe5 Rxe5 25. Rc6 a5 26. Rfc1 b4 27. R1c5 Rxc5 28. Rxc5 Ra8 29. Kf2 a4 30. Rb5 axb3 31. axb3 Nd7 32. Rxb4 Nc5 33. Ke3 Ra3 34. Bd1 Kf8 35. d4 Nd7 36. Ra4 Rxa4 37. bxa4 Nb8 38. a5 Ke7 39. Be2 Kd6 40. Bb5 f6 41. e5+ fxe5 42. dxe5+ Kxe5 43. a6 Nxa6 44. Bxa6 g5 45. g4 Ke6 46. Ke4 Kf6 47. Bc4 Kg6 48. Ke5 Kh6 49. Bf7 Kh7 50. Kf5 Kh6 51. Be8 Kh7 52. Kxg5 Kg8 53. h4 Kh7 54. h5 Kg8 55. h6 Kh7 56. hxg7 Kxg7 57. Bd7 1-0

[Event "GER-chT U14 Girls"]
[Site "Greifswald"]
[Date "2001.12.30"]
[Round "7.2"]
[White "Rohnke, Sophie"]
[Black "Becker, Wilma"]
[Result "1-0"]
[WhiteElo "1302"]
[BlackElo "1264"]
[PlyCount "55"]
[EventDate "2001.12.27"]
[EventType "team-swiss"]
[EventRounds "7"]
[EventCountry "GER"]
[SourceTitle "EXT 2003"]
[Source "ChessBase"]
[SourceDate "2002.11.25"]
[SourceVersion "1"]
[SourceVersionDate "2002.11.25"]
[SourceQuality "1"]
[WhiteTeam "Eppendorf Johanneum U14 Girls"]
[BlackTeam "Leipzig Gohlis U14 Girls"]
[WhiteTeamCountry "GER"]
[BlackTeamCountry "GER"]

1. e4 e5 2. Nf3 Nc6 3. Bc4 Bc5 4. c3 Nf6 5. d4 exd4 6. cxd4 Bb4+ 7. Nc3 0-0 8. Bg5 h6 9. Bh4 d6 10. 0-0 Be6 11. d5 Na5 12. Qa4 Bxc3 13. bxc3 Nxc4 14. Qxc4 Bd7 15. Nd4 Rc8 16. Rab1 b6 17. f4 Re8 18. Rbe1 g5 19. fxg5 Nxe4 20. Nc6 Bxc6 21. Rxe4 Rxe4 22. Qxe4 hxg5 23. Qf5 Qe8 24. Qxg5+ Kh8 25. Rf6 Qf8 26. Rh6+ Qxh6 27. Qxh6+ Kg8 28. Bf6 1-0

[Event "GER tt 3 Lands "]
[Site "Schwaebisch Gmuend"]
[Date "2001.05.24"]
[Round "1.4"]
[White "Becker, Wilma"]
[Black "Erben, Larissa"]
[Result "0-1"]
[WhiteElo "638"]
[BlackElo "941"]
[PlyCount "94"]
[EventDate "2001.05.??"]
[EventType "team"]
[EventRounds "3"]
[EventCountry "GER"]
[SourceTitle "EXT 2003"]
[Source "ChessBase"]
[SourceDate "2002.11.25"]
[SourceVersion "1"]
[SourceVersionDate "2002.11.25"]
[SourceQuality "1"]

1. e4 e5 2. Nf3 Nc6 3. Bc4 Bc5 4. c3 Nf6 5. d3 d6 6. b4 Bb6 7. h3 Be6 8. Bb3 d5 9. b5 Na5 10. Bc2 dxe4 11. Nxe5 Qd6 12. d4 Nc4 13. Bf4 Nxe5 14. Bxe5 Qd5 15. a4 0-0-0 16. 0-0 Ba5 17. Qd2 Rhe8 18. Re1 Bf5 19. Qf4 Qe6 20. Re3 Nd5 21. Bb3 Nxf4 22. Bxe6+ Nxe6 23. Nd2 f6 24. Bh2 Ng5 25. Rd1 c6 26. Nc4 Bc7 27. bxc6 bxc6 28. a5 Be6 29. Nd2 Bxa5 30. Nxe4 Nxe4 31. Rxe4 Bxc3 32. Rc1 Bd5 33. Rxe8 Rxe8 34. Bd6 Bxd4 35. Rd1 Bc3 36. Rd3 Re1+ 37. Kh2 Be5+ 38. Bxe5 Rxe5 39. Ra3 Re7 40. Rd3 a5 41. Rd1 a4 42. Rd4 Ra7 43. Rd1 a3 44. Ra1 a2 45. Kg3 Rb7 46. Kf4 Rb1 47. Rxb1 axb1Q 0-1

[Event "Leipzig VfB op 08th"]
[Site "Leipzig"]
[Date "2001.02.21"]
[Round "2"]
[White "Dorsch, Andre"]
[Black "Becker, Wilma"]
[Result "0-1"]
[WhiteElo "1493"]
[BlackElo "652"]
[PlyCount "81"]
[EventDate "2001.02.20"]
[EventType "swiss"]
[EventRounds "9"]
[EventCountry "GER"]
[SourceTitle "EXT 2008"]
[Source "ChessBase"]
[SourceDate "2007.11.25"]
[SourceVersion "1"]
[SourceVersionDate "2007.11.25"]
[SourceQuality "1"]

1. c4 e5 2. Nc3 Nf6 3. Nf3 Nc6 4. d4 exd4 5. Nxd4 Ne5 6. e4 Bb4 7. f3 Bxc3+ 8. bxc3 d6 9. Be2 Bd7 10. 0-0 0-0 11. Bg5 h6 12. Bh4 Re8 13. Qd2 Qe7 14. Rab1 Rab8 15. Nb5 Bxb5 16. cxb5 Qe6 17. Bd1 Red8 18. Bb3 Qe7 19. Qd4 a6 20. bxa6 bxa6 21. Rbd1 a5 22. Qf2 Ng6 23. Bxf6 Qxf6 24. Rc1 Nf4 25. Qa7 Ne2+ 26. Kh1 Nxc1 27. Rxc1 Qg5 28. Rb1 Rbc8 29. a4 Qe5 30. Rc1 Rf8 31. h3 Kh8 32. Qe3 Rce8 33. Qa7 Re7 34. Qe3 f5 35. Re1 Rfe8 36. Qd3 Qg3 37. Rb1 fxe4 38. Qd5 exf3 39. Qxf3 Re1+ 40. Qf1 Rxf1+ 41. Rxf1 0-1